00946nam a22002415i 4500001001000000003000400010005001700014008004100031020003000072040002600102082002400128100002600152245008800178260008000266300004200346500002400388650004200412653002500454655002400479942002400503999001700527952016000544016538387OSt20141201105733.0131106s2009 xxkdk fr 001 0 eng d a9781905641741 (paperback) aUkbengcUkdEG-ScBUE00222bLAMa332.6320421 aLambert, Clive93671610aCandlestick charts :ban introduction to using candlestick charts /cClive Lambert. aPetersfield, United Kingdom :bHarriman House LTD,c2009f(MPG Books Group) axi, 175 p. :bcharts, forms ;c25 cm. aIndex : p. 167-175. 0aStocksvCharts, diagrams, etc.936717 bBUSADMcDecember2014 vreading book934232 2ddck332.632042 LAM c18691d18663 00102ddc40708BaccahaMAINbMAINc1STd2014-12-01epurchaseg226.00h20677l2m1o332.632042 LAMp000037072r2025-07-15 00:00:00s2021-10-19v282.50yBB